Salud mental y espiritualidad.
Guardat en:
| Autor principal: | |
|---|---|
| Altres autors: | , , , , , , |
| Format: | Desconegut |
| Idioma: | anglès |
| Publicat: |
Ciudad Autónoma de Buenos Aires, Argentina:
Antigua,
2018.
|
| Edició: | Primera edición |
| Matèries: | |
| Etiquetes: |
Afegir etiqueta
Sense etiquetes, Sigues el primer a etiquetar aquest registre!
|
MARC
| LEADER | 00000 a2200000 4500 | ||
|---|---|---|---|
| 003 | CL-VaPUC | ||
| 005 | 20230511074345.0 | ||
| 008 | 210105b ||||| |||| 00| 0 eng d | ||
| 999 | |c 432196 |d 432194 | ||
| 020 | |a 9789873707506 | ||
| 040 | |c Pontificia Universidad Católica de Valparaíso | ||
| 082 | |a 616.89 BIA 2018 | ||
| 100 | |a Bianchi, Raquel Inés |9 857783 |e compiladora | ||
| 245 | |a Salud mental y espiritualidad. | ||
| 250 | |a Primera edición | ||
| 260 | |a Ciudad Autónoma de Buenos Aires, Argentina: |b Antigua, |c 2018. | ||
| 300 | |a 291 páginas. | ||
| 583 | |k Cristina Rojas |c 20210105 | ||
| 650 | 0 | |a Salud mental |9 308393 | |
| 650 | |a Espiritualidad |9 267331 | ||
| 700 | |a Vásquez, Patricia F. |9 859294 | ||
| 700 | |a Fuster, Carlos Sergio |9 859295 | ||
| 700 | |a Jourda, Gabriela |9 859296 | ||
| 700 | |a Conway de Chiappe, Patricia |9 859297 | ||
| 700 | |a Flores de Pereyra, Dorys |9 859298 | ||
| 700 | |a Rosetti, Humberto G. |9 859299 | ||
| 700 | |a Awad, Gabriel |9 859300 | ||
| 852 | |a BIBCUR | ||
| 942 | |2 ddc |c BK | ||
| 952 | |0 0 |1 0 |2 ddc |4 0 |6 616_890000000000000_BIA_2018 |7 0 |8 A |9 577396 |a BIBTEO |b BIBTEO |d 2021-01-04 |e 3 |g 20820.00 |i 5581532 |o 616.89 BIA 2018 |p 5581532 |r 2025-01-17 |t 1 |v 20820.00 |w 2021-01-04 |y BK |k ICR | ||